000 01069nam a22003017a 4500
001 BR9801853
003 BR-BrBNA
005 20230928095903.0
007 ta
008 230509b bl.||||| |||| 00| 0 por d
040 _aBR-BrBNA
_bpor
_cBiblioteca Nacional de Agricultura
041 _a(Spa)
072 _aH10
_b0430
_b4020
_b3877
090 _ 0430 BR9801853
110 1 _aServico Nacional de Sanidade y Calidad Agroalimentaria, Buenos Aires (Argentina)
_99387
111 1 _a2. Seminario Internacional del Proyecto: Manejo Integrado del Picudo del Algodonero en Argentina, Brasil y Paraguay
_cBuenos Aires (Argentina)
_d3 Dec 1997
245 1 _aProyecto de manejo integrado del picudo del algodonero en Argentina, Brasil y Paraguay
260 3 _aBuenos Aires (Argentina):
_c1998.
300 _a82 p.
500 _aSummaries (Eng, Spa); 21 tables; 8 ref.
650 _aAlgodao
650 _aBicudo
650 _aInseticida Sistemico
650 _aControle Biologico
650 _aControle Quimico
909 _a202309
_bLucia
_c55
_dLucia Elande
942 _cBK
999 _c59230
_d59230